000 01119nam a22002897a 4500
001 79365
003 BD-RjUL
005 20220424101407.0
008 220214s2008 bg a|||| m||| 00| 0 eng d
035 _a(BD-RjUL)79365
040 _aBD-RjUL
_beng
_cBD-RjUL
_dBD-RjUL
041 _aeng
082 _223
_a618.92
_bPES 2008
100 _aPervin, Mst. Khurshida
_91290
245 1 0 _aStatistical study of child growth :
_bA case study of Rajshahi City /
_cBy Mst. Khurshida Pervin ;
_6Principal Supervisor: Md. Abul Basher Mian ; Co-Supervisor: Md. Ayub Ali
260 _aRajshahi :
_bDepartment Of Statistics, University of Rajshahi,
_c2008
300 _aVlll, 118 leaves :
_bill, ;
_c29 cm.
502 _aThesis (Ph. D.) -- Department Of Statistics, University of Rajshahi, 2008
504 _aBibliography : Leaves 113 - 117
600 _q
650 _apaediatrics
_92716
650 _achildhood illness
_92717
650 _aChildren
_zBangladesh
_zRajshahi City
_xGrowth
_92718
700 _aMian, Md. Abul Basher, Principal Supervisor
_91293
700 _aAli, Md. Ayub, Co-Supervisor
_91294
942 _2ddc
_cTHE
999 _c79365
_d79365